00841nam a2200289Ia 4500008004100000020001800041050001800059100001700077245003700094245002000131245002000151260002500171260002100196260000900217300001600226300002000242300001000262650003100272650001800303650001900321650002200340650002200362650002200384700001100406999001900417952011500436180313s9999 xx 000 0 und d a9781338105933 bFIC L926 2015 aLubar, David aSophomores and other oxymorons : banother novel / cby David Lubar. aNew York, New York : bScholastic Inc., c2015 a417 pages : billustrations ; c20cm. aDating (Social customs) -- aFriendship -- aHign school -- xJuvenile fiction. xJuvenile fiction. xJuvenile fiction. aTitle. c356280d356280 001040aSSISMbSSISMcSSISMd2018-03-13g345.00l0oL926 2015pSSISM5516r2018-03-13 00:00:00w2018-03-13yBK